000 00984nam0a22002411 4500
001 rc\2856067
005 20250529205504.0
035 _a(NLR Aleph) 007010651
090 _a5810922
_c5810922
100 _a20110707d1932 |||y0rusy50 ca
101 0 _arus
102 _aRU
105 _aa z |||||
200 1 _aОбеспечение средствами ВВС тактического использования маневренных соединений подводных лодок
_fСтолярский, С.
210 _aЛенинград
_cУпр. воен. морских сил РККА
_d1932
_gтип. Гидр. упр.
215 _aОбл., 18 с.
_cчерт.
_d22х16 см
300 _aОтд. отт. из журн. "Морской сборник" № 11-1932 г.
700 1 _aСтолярский
_bС.Э.
_gСтанислав Эдуардович
801 0 _aRU
_bNLR
_gpsbo
801 1 _aRU
_bELAR
_2rusmarc
852 _aNLR
_j33-10/531
942 _cBOOK
980 _aNB